Simulation and the Monte Carlo method
Saved in:
| Main Author: | |
|---|---|
| Format: | Book |
| Language: | English |
| Published: |
New York :
John Wiley & Sons,
c1981.
|
| Series: | Wiley series in probability and mathematical statistics
|
| Subjects: | |
| Tags: |
Add Tag
No Tags, Be the first to tag this record!
|
MARC
| LEADER | 00000cam a2200000 i 4500 | ||
|---|---|---|---|
| 001 | 1/1386 | ||
| 008 | 970916s1981 nyu| ||| |||| ||eng|| | ||
| 020 | |a 0471089176 | ||
| 035 | |a ΠΑΡ-1997 |b 04/04 |c ΣΠΙΝΑΚΗΣ |l 10059999 | ||
| 040 | |a GR-MyUa |b gre |e AACR2 | ||
| 041 | 0 | |a eng | |
| 082 | 7 | |a 519.282 |2 (22) | |
| 100 | 1 | |a Rubinstein, Reuven Y. | |
| 245 | 1 | 0 | |a Simulation and the Monte Carlo method / |c Reuven Y. Rubinstein. |
| 260 | |a New York : |b John Wiley & Sons, |c c1981. | ||
| 300 | |a xv, 278 σ. ; |c 24 εκ. | ||
| 490 | 1 | |a (Wiley series in probability and mathematical statistics) | |
| 504 | |a Περιλαμβάνει βιβλιογραφικές παραπομπές και ευρετήριο. | ||
| 650 | 0 | 0 | |a Monte Carlo method. |
| 650 | 0 | 0 | |a Digital computer simulation. |
| 830 | 0 | |a Wiley series in probability and mathematical statistics | |
| 852 | |a INST |b CHIOS |e 19970916 |h 519.282 RUB |p 005200010487 |q 005200010487 |t BK |y 0 | ||
| 852 | |a INST |b SAMOS |e 20000417 |h 519.282 RUB |p 005300017654 |q 005300017654 |t BK |y 0 | ||
| 901 | |a BIBL3-2000-1 | ||
| 922 | |a 3ΕΛΗ |b 200003 |c ΚΠΣ |d ΠΑΠΑΣΩΤΗΡΙΟΥ | ||
| 922 | |a 2ΕΛΗ |b 199707 |c ΣΠΙΝΑΚΗΣ |d ΚΩΣΤΑΡΑΚΗΣ | ||
| 950 | |a 116-1999-12-31 | ||
| 970 | |a ΚΟΣΙΕΡΗΣ |b ΧΡΗΣΤΟΣ |z 2000/04/20 | ||